Seinfeld phrases Quiz Stats

 Plays Quiz not verified by Sporcle

Score 0/24 Timer 03:00
0 Plays Today
Phrase Character % Correct
Maybe the dingo ate your baby!Elaine
99%
Giddy up!Kramer
98.6%
Hoochie Mama!Kramer
98.6%
Yo-yo ma!Kramer
98.6%
She had man hands!Jerry
98%
No soup for you!Soup Nazi
97.6%
These Pretzels are making me thirsty!George
96.6%
I was in the pool!George
96.6%
Hello Jerry!Newman
79.6%
Its a festivus for the rest of us!Frank
77.9%
That is the executive! I invited that years agoMorty
75.9%
You're face is my case!Jackie
73.5%
Phrase Character % Correct
Feels like an Arby's night.Puddy
71.4%
Kramer made a pass at me!Estelle
70.1%
Its the best Jerry, the best!Bania
68.7%
You're a very bad man!Babu
68%
Bacterial Meningitus, jackpot!Mickey
66%
How could anybody not like him?Helen
63.6%
Elaine you didn't like the English Patient?Peterman
54.8%
Serenity now, insanity later!Lloyd
54.1%
They're real and they're spectacular! Sidra
50.3%
You're close, you're on the green, now you just got to go for the cup!Stan
40.1%
Top of the muffin to you.Mr. Lippman
37.1%
Are you afraid of clowns?Davola
30.3%

You're not logged in!

Compare scores with friends on all Sporcle quizzes.
OR
Log In

Show Comments

Extras

Top Quizzes Today


Score Distribution

Your Account Isn't Verified!

In order to create a playlist on Sporcle, you need to verify the email address you used during registration. Go to your Sporcle Settings to finish the process.

Report this User

Report this user for behavior that violates our Community Guidelines.

Details: